000 02129nam a2200337 a 4500
001 681
003 MYCC
005 20260204113157.0
008 260204s2025 nyu 000 0 eng d
020 _a9780593832691
_qhardback
020 _a9780593832707
_c(ebook)
040 _aMYCC
_beng
_cMYCC
_dMYCC
_erda
082 0 4 _223
_a006.3
090 0 0 _a006.3
_bWIT
100 1 _aWitt, Stephen,
_eauthor.
245 1 4 _aTHE THINKING MACHINE :
_bJensen Huang, Nvidia, and the World's Most Coveted Microchip /
_cStephan Witt
250 _aFirst United State Edition
264 1 _a[New York] :
_bViking,
_c[2025]
300 _axx, 248 pages :
_c24 cm
336 _2rdacontent
_atext
337 _2rdamedia
_aunmediated
338 _2rdacarrier
_avolume
500 _a"Brief portions of this work originally appeared, in different form, in The New Yorker in 2023." -- Title page verso.
505 0 _aThe Bridge -- Large-Scale Integration -- New Venture -- Thirty Days -- Going Parallel -- Jellyfish -- Deathmatch -- The Compulsion Loop -- CUDA -- Resonance - AlexNet -- O.I.A.L.O. -- Superintelligence -- The Good Year -- The Transformer -- Hyperscale -- Money -- Spaceships -- Power -- The Most Important Stock on Earth -- Jensen -- The Fear -- The Thinking Machine
520 _aThe Thinking Machine is the story of how Nvidia evolved to supplying hundred-million-dollar supercomputers. It is the story of a determined entrepreneur who defied Wall Street to push his radical vision for computing, becoming one of the wealthiest men alive. It is the story of a revolution in computer architecture, and the small group of renegade engineers who made it happen. And it’s the story of our awesome and terrifying AI future, which Huang has billed as the ‘next industrial revolution,’ as a new kind of microchip unlocks hyper-realistic avatars, autonomous robots, self-driving cars, and new movies, art, and books, generated on command.
600 1 0 _aHuang, Jensen,
_d1963-
610 2 0 _aNVIDIA Corporation.
650 0 _aArtificial intelligence
_xEquipment and supplies.
650 0 _aIntegrated circuits.
942 _2ddc
_cBK
999 _c681
_d681